000 00640nam a2200205 u 4500
005 20240810063840.0
008 100519s2006 es r 000 0 spa d
020 _a849651482X
035 _aUPN01000175966
049 _aCG
050 4 _aPQ6669 I3.7
_bB5.2
100 1 _aSierra i Fabra, Jordi,
_d1947-
_930256
245 1 3 _aLa biblioteca de los libros vacíos /
_cJordi Sierra i Fabra.
260 _aAlzira, Esp. :
_bAlgar,
_c2006.
300 _a148 p.
440 0 _aCalcetín azul ;
_v21.
_pA partir de 12 años
650 0 _aLiteratura juvenil española
_912359
650 4 _aLIBROS Y LECTURA PARA LA JUVENTUD
_910549
905 _aLibro
999 _c148069
_d148069